| 000 | 01939nam a2200337 i 4500 | ||
|---|---|---|---|
| 003 | CSPC | ||
| 005 | 20260126121018.0 | ||
| 008 | 260121s2018 ph 000 0 eng d | ||
| 010 | _a2019349540 | ||
| 020 | _a9789711504960 | ||
| 035 | _a(OCoLC)1103537910 | ||
| 040 |
_aCSPC _beng _cCSPC _erda |
||
| 050 | 0 | 0 |
_aKPM1611 _b.B34 2018 |
| 082 | 0 | 4 |
_a342.599 _bB147s |
| 100 | 1 |
_aBaguilat, Raymond Marvic C., _eauthor. |
|
| 245 | 1 | 0 |
_aShedding light on the long shadow of bullying / _cRaymond Marvic C. Baguilat. |
| 264 | 1 |
_aDiliman, Quezon City : _bInstitute of Human Rights, U.P. Law Center, _c2018. |
|
| 300 |
_aix, 170 pages ; _c23 cm. |
||
| 336 |
_2rdacontent _atext _btxt |
||
| 337 |
_2rdamedia _aunmediated _bn |
||
| 338 |
_2rdacarrier _avolume _bnc |
||
| 505 | 0 | _aIntroduction -- Understanding the problem -- The Philippine legal response to school bullying - Republic Act No. 10627, otherwise known as the anti-bullying act of 2013 -- Limitations and recommendations -- Conclusion. | |
| 520 | _a"This book is a humble contribution of the University of the Philippine Law Center - Institute of Human Rights (IHR) towards the promotion and protection of the rights of the Child. It shatters the myth of bullying as a rite of passage for children in schools and sheds light on this oft-misunderstood concept. It further provides a critical analysis of the Anti-Bullying Act of 2013 and assists duty bearers in the performance of their obligations." -- Back cover. | ||
| 546 | _aIn English. | ||
| 650 | 0 |
_aBullying in schools _xLaw and legislation _zPhilippines. |
|
| 650 | 0 |
_aYouth _xLegal status, laws, etc. _zPhilippines. |
|
| 650 | 0 |
_aBullying in schools _xGovernment policy _zPhilippines. |
|
| 650 | 0 |
_aYouth _xProtection _zPhilippines. |
|
| 942 |
_2ddc _n0 _cBK _h342.599 _iB147s _kFIL _m2018 |
||
| 999 |
_c31565 _d31565 |
||